000 00501nam a2200169Ia 4500
003 GCL
008 140319s9999 xx 000 0 ara d
040 _aGCL /
_cGCL
082 0 4 _aط
_b372.216
_bع أ
100 1 _aعاطف عبدالراشد
245 1 0 _aالوان الارقام الضاحكة /
_cعاطف عبدالراشد
490 _aالهيئة العامة للاستعلامات
_v0
650 0 4 _aالاطفال
650 0 4 _aالرسم
650 0 4 _aالتلوين
942 _2ddc
_cBK
999 _c51434
_d51434